Società più grandi al mondo - Statistics

Statistiche generali
  • Questo quiz è stato fatto 73 volte
  • Il punteggio medio è 9 su 20
Statistiche sulle risposte
Capitalizzazione Settore Paese Figura di riferimento Società % Corretto
$ 2280 B E-commerce Stati Uniti Jeff Bezos Amazon
98%
$ 1750 B Social Network Stati Uniti Mark Zuckerberg Meta (Facebook)
94%
$ 2920 B Tecnologia elettronica Stati Uniti Steve Jobs Apple
90%
$ 3550 B Softwere Stati Uniti Bill Gates Microsoft
90%
$ 2140 B Motore di ricerca Stati Uniti Larry Page e Sergey Brin Alphabet (Google)
87%
$ 1020 B Automobili Stati Uniti Elon Musk Tesla
87%
$ 693 B Carte di pagamento Stati Uniti Dee Hock Visa
63%
$ 517 B Carte di pagamento Stati Uniti Michael Miebach Mastercard
59%
$ 519 B Video on demand Stati Uniti Reed Hastings Netflix
46%
$ 752 B Supermercati Stati Uniti Famiglia Walton Walmart
43%
$ 3520 B Semiconduttori Stati Uniti Jensen Huang NVIDIA
24%
$ 749 B Banca Stati Uniti James Dimon JP Morgan
17%
$ 1610 B Petrolio Arabia Saudita Società statale Saudi Aramco
13%
$ 491 B Petrolio Stati Uniti Darren W. Woods ExxonMobil
10%
$ 1040 B Finanza Stati Uniti Warren Buffett Berkshire Hathaway
8%
$ 583 B Database Stati Uniti Larry Ellison Oracle
6%
$ 594 B Servizi Internet Cina Ma Huateng Tencent
5%
$ 1170 B Semiconduttori Stati Uniti Henry Samueli e Henry Nicholas Broadcom
3%
$ 749 B Farmaceutico Stati Uniti David A. Ricks Eli Lilly
3%
$ 912 B Semiconduttori Taiwan Morris Chang TSMC
3%
Nessun quiz corrispondente trovato
Distribuzione punteggi
Percentuale di utenti per punteggio
Percentile per numero di risposta
I tuoi punteggi nel tempo
Non hai fatto questo quiz